000 00258nam a2200097Ia 4500
001 639936
005 20250826153437.0
008 250824s9999 xx 000 0 und d
245 0 _aÖTEKİ BEN ANTİK YENİ
_cDOSTOYEVSKİ
260 _bANTİK DÜNYA KLASİKLERİ
999 _c639936
_d639936